Prose models / (رقم التسجيلة. 22324)
[ عرض عادي ]
| 000 -الفاتح | |
|---|---|
| حقل البيانات ثابتة الطول | 00798cam a2200265 a 4500 |
| 001 - رقم الضبط | |
| رقم الضبط | 1463829 |
| 003 - محدد رقم الضبط | |
| رقم الضبط | OSt |
| 005 - وقت وتاريخ اخر تعامل مع التسجيلة | |
| رقم الضبط | 20150408114025.0 |
| 008 - عناصر البيانات ثابتة الطول - معلومات عامة | |
| حقل البيانات ثابتة الطول | 860314s1987 cau 001 0 eng |
| 010 ## - رقم ضبط مكتبة الكونجرس | |
| رقم ضبط مكتبة الكونجرس | 86080754 |
| 020 ## - الرقم الدولى المعيارى للكتب | |
| الرقم الدولى المعيارى للكتاب | 0155722840 (pbk.) |
| 040 ## - مصدر الفهرسة | |
| وكالة الفهرسة الأصلية | DLC |
| وكالة النسخ | DLC |
| وكالة التعديل | DLC |
| 050 00 - رقم طلب مكتبة الكونجرس | |
| رقم التصنيف | PE1417 |
| رقم المادة | .P75 1987 |
| 082 00 - رقم تصنيف ديوى العشرى | |
| رقم التصنيف | 808.0427 |
| رقم الطبعة | 21 |
| 245 00 - بيان العنوان | |
| العنوان | Prose models / |
| بيان المسئوليه,etc | [compiled by] Gerald Levin. |
| 250 ## - بيان الطبعة | |
| بيان الطبعة | 7th ed. |
| 260 ## - PUBLICATION, DISTRIBUTION, ETC. (IMPRINT) | |
| مكان الناشر او الموزع | San Diego : |
| اسم الناشر او الموزع | Harcourt Brace Jovanovich, |
| تاريخ النشر أو التوزيع | c1987. |
| 300 ## - الوصف المادى | |
| التعداد | xxiv, 578 p. ; |
| أبعاد الوعاء | 21 cm. |
| 500 ## - تبصرة عامة | |
| تبصرة عامة | Includes index. |
| 650 #0 - المدخل الاضافى بالموضوع-مصطلح موضوعى | |
| مصطلح موضوعي أو اسم جغرافي كعنصر مدخل | College readers. |
| 650 #0 - المدخل الاضافى بالموضوع-مصطلح موضوعى | |
| مصطلح موضوعي أو اسم جغرافي كعنصر مدخل | English language |
| التقسيم الفرعي العام | Rhetoric |
| التقسيم الفرعي الشكلي | Problems, exercises, etc. |
| 9 (RLIN) | 3978 |
| 650 #0 - المدخل الاضافى بالموضوع-مصطلح موضوعى | |
| مصطلح موضوعي أو اسم جغرافي كعنصر مدخل | Report writing |
| التقسيم الفرعي الشكلي | Problems, exercises, etc. |
| 9 (RLIN) | 4255 |
| 700 1# - المدخل الاضافى - اسم شخصى | |
| الإسم الشخصى | Levin, Gerald Henry, |
| التواريخ المصاحبة للاسم | 1929- |
| 9 (RLIN) | 5049 |
| 942 ## - عناصر المدخل الإضافي( كوها) | |
| مصدر التصنيف او مخطط الترفيف | Dewey Decimal Classification |
| Koha [default] item type | كتاب |
| حالة الفقد | نموذج السعر الفعال | حالة تلف | ليس للاعارة | رقم الطلب | تاريخ الاكتساب | الموقع الحالي | الباركود | الفرع الرئيسي | Date last seen | نوع المادة فى نظام كوها | مصدر التصنيف او خطة الترفيف | Total Checkouts |
|---|---|---|---|---|---|---|---|---|---|---|---|---|
| 2013-03-10 | 808.0427 P R M | 2012-04-15 | مكتبة مجمع الطالبات بالمجمعة (EMF) | 00014621 | مكتبة مجمع الطالبات بالمجمعة (EMF) | 2013-03-10 | كتاب | Dewey Decimal Classification |
